| 000 | 00773nam a2200217 4500 | ||
|---|---|---|---|
| 008 | 170516b xxu||||| |||| 00| 0 eng d | ||
| 020 | _a0-7450-1592-1 | ||
| 082 |
_21995 _aDC 338.5 _bEe4 |
||
| 100 |
_920828 _aEeckhoudt, Louis |
||
| 245 |
_aRisk: _bevaluation, management and sharing/ _cLouis Eeckhoudt and Christian Gollier; translated by Val Lambson. |
||
| 260 |
_aNew York: _bHarvester Wheatsheaf, _cc1995. |
||
| 300 |
_axviii, 347 pages: _billustrations; _c23 cm. |
||
| 500 | _aIncludes bibliographical references and index. | ||
| 650 | 0 |
_920829 _aRisk |
|
| 650 | 0 |
_920830 _aRisk assessment |
|
| 650 | 0 |
_920831 _aRisk management |
|
| 700 |
_920832 _aGollier, Christian |
||
| 700 |
_920833 _aLambson, Val Eugene _etranslator |
||
| 365 |
_b1,152.00 _cPhp |
||
| 942 |
_2ddc _cDC |
||
| 999 |
_c6886 _d6886 |
||